000 01028nam a22003377a 4500
001 000041386
003 CHAP
005 20220329135655.0
008 971013s1968 r 00010 d
010 _a40328
011 _a41300
035 _a45426
040 _cCHAP
082 _a634.98
_bE5
110 _aENA
_936669
245 0 _aSeminario de bosques I. Unidades Forestales 1968 - 1969.
260 _aChapingo, Méx. :
_bENA,
_c1968-69.
300 _aPag. varía. :
_b: ilus.
590 _aBATCH-UPD
_b10
_c20130110
_lUCH01
_h0901
590 _aBATCH-UPD
_b10
_c20130410
_lUCH01
_h0530
590 _aBATCH-UPD
_b10
_c20130914
_lUCH01
_h0702
590 _aCONVERSION
_b10
_c20130109
_lUCH01
_h1322
590 _aE11695DGD
_b10
_c20150408
_lUCH01
_h1338
650 1 4 _aBosques
_xAdministración.
_914003
650 1 4 _aIndustrias forestales.
_957979
700 0 _aPuente Espinosa, José María de la.
_992897
901 _aBK
942 _cLIBRO
942 _n0
949 _a634.98 E5
_bBC
_cUACH
_d-103740
_eUACH
_h12779
_i45426
_si
999 _c40328
_d40328